000 00696nam a22002177a 4500
005 20240530110928.0
008 220214s2008 ua g 000 p ara d
017 _bمصر. دار الكتب
_a2008/21166
020 _a9789776282247
040 _aEG-CaGPL
_cEG-CaGPL
082 0 4 _221
_a811.09\
_bز خ
100 0 _aزياد مشهور مبسلط
245 1 0 _aخبز الارض :
_bشعر /
_cزياد مشهور مبسلط
250 _aط. 1
260 _aالقاهرة :
_bمركز نهر النيل للنشر ،
_c2008
300 _a114 ص. ؛
_c20 سم.
650 0 7 _2qrmak
_aالشعر العربى
651 _2qrmak
942 _2ddc
_cBK
999 _c66610
_d66610